000
00311nam a22001337a 4500
008
170713b xxu||||| |||| 00| 0 eng d
020
_a
9780543223142
041
_a
eng
080
_2
4 RD
_a
17
100
_a
24
101
_a
FIL
245
_a
CONTEMPORARY ISSUES IN BIOTHICS
_c
BECHAMP.T.L
942
_2
udc
_c
BK
999
_c
20620
_d
20620